| 000 | 01088nam a2200289 i 4500 | ||
|---|---|---|---|
| 001 | 182866 | ||
| 003 | ES-MaACL | ||
| 005 | 20251113183614.0 | ||
| 008 | 131120s2009 sp | |||||||| | spa d | ||
| 020 | _a9788493641542 | ||
| 080 | _a351.758.1(460)"1931/36" | ||
| 080 | _a821.134.2 Muñoz Seca, Pedro 1.07 | ||
| 100 | 1 |
_aAlba Peinado, Carlos. _9141545 |
|
| 245 | 1 | 3 |
_aLa censura del teatro republicano de Pedro Muñoz Seca / _cCarlos Alba Peinado. |
| 260 |
_a[Madrid] : _bCátedra Valle-Inclán-Lauro Olmo, Ateneo de Madrid, _c2009. |
||
| 300 |
_a160 p. ; _c22 cm. |
||
| 490 | 1 |
_aEstudios sobre teoría y crítica teatral ; _v7 |
|
| 504 | _aBibliografía: p. [129]-134. | ||
| 600 | 1 | 4 |
_aMuñoz Seca, Pedro, _d1881-1936- _xCrítica e interpretación _984500 |
| 650 | 4 |
_aTeatro- _xCensura- _zEspaña- _y1939-1975. _917299 |
|
| 710 | 2 |
_aAteneo de Madrid. _bCátedra Valle-Inclán _9137505 |
|
| 830 | 1 |
_aEstudios sobre teoría y crítica teatral ; _v7 _9224903 |
|
| 852 | 4 |
_aES-MaACL _jC-19403 |
|
| 852 | 4 |
_aES-MaACL _jC-19404 |
|
| 942 | _2udc | ||
| 999 |
_c182866 _d182866 |
||